000 00378nam a2200145Ia 4500
008 220216s9999 xx 000 0 und d
100 _aVan Amerongen G J
245 0 _aDiffusion in elastomers (1964 reviews)
260 _bRubber Chemistry and Technology
_c1964
300 _a1065-1152
650 _a1964 reviews
650 _aDiffusion
650 _aElastomers
942 _cJS
999 _c57199
_d57199